[Event "Summer Chess Classic-C 2019"]
[Site "Saint Louis"]
[Date "2019.06.27"]
[Round "9.3"]
[White "Neiksans, Arturs"]
[Black "Gordievsky, Dmitry"]
[Result "1/2-1/2"]
[WhiteElo "2566"]
[BlackElo "2592"]
[Annotator "TA"]
[PlyCount "130"]
[EventDate "2019.06.18"]
[EventType "tourn"]
[EventCountry "USA"]
[SourceTitle "playchess.com"]
[Source "ChessBase"]
[SourceQuality "1"]

{[%evp 13,130,21,23,23,36,24,31,27,29,28,64,28,49,42,43,46,49,31,59,46,106,89,97,100,91,20,54,-37,-37,-24,-31,-28,0,-56,-20,-20,-36,-64,49,-24,533,510,595,593,584,593,583,479,479,479,479,479,475,480,475,453,443,336,418,335,303,295,284,293,292,285,284,295,308,308,248,200,614,576,693,652,791,778,704,518,494,491,667,670,667,660,660,647,620,612,605,572,591,584,1315,1313,1108,152,139,34,34,0,0,0,8,0,0,0,0,0,0,0,0,0,0,0,0,0,0]} 1. e4 d6 2. d4 Nf6 3. Nc3 g6 4. Nf3 Bg7 5. Be2 O-O 6. O-O a6 7. Re1 Nc6 8. Bg5 {B08: Pirc Defence: Classical System} (8. d5 Nb8 9. a4 e5 10. dxe6 Bxe6 11. Nd4 Nc6 12. Be3 Nxd4 13. Bxd4 c5 14. Be3 Qb6 15. Rb1 Rad8 {0-1 (67) Sasikiran,K (2673)-Andreikin,D (2719) Sitges 2018}) 8... h6 9. Bf4 e6 10. h3 $146 {White is slightly better.} ({Predecessor:} 10. a4 b6 11. h3 Bb7 12. Bf1 Kh7 13. Qd2 Nd7 {0-1 (35) Dubois,P (2097)-Koziak,V (2481) Sautron 2013}) 10... b5 11. Bf1 b4 12. Nb1 Bb7 13. c3 a5 14. Nbd2 a4 15. cxb4 Nh5 16. Be3 f5 (16... Nxb4 $14 17. Qc1 Qb8) 17. exf5 exf5 18. b5 Nb4 {next ...f4 is good for Black.} 19. Nc4 (19. a3 $16) 19... Bxf3 $1 $11 20. gxf3 (20. Qxf3 $14 Nc2 {[%mdl 64] Double Attack} 21. Bd3 Nxa1 22. Rxa1) 20... Nd5 21. f4 Nhxf4 22. Qf3 g5 23. Bd2 ({Better is} 23. Rad1 $11) 23... Bxd4 $15 24. Rad1 Qf6 25. Ne3 Ne7 (25... Nxe3 $1 $15 26. fxe3 Bb6) 26. Rc1 (26. Ng2 $1 $14 Nfg6 27. Bc4+ d5 28. Bxg5 $1 {[%mdl 576] Double Attack} Bxf2+ 29. Qxf2 hxg5 30. Rxd5 Nxd5 31. Bxd5+ Kh8 32. Re6) 26... Neg6 $2 {[%mdl 8192] [#]} (26... Rac8 $11 {and Black has nothing to worry.}) 27. Nd5 $1 $18 {[%cal Rd5f6]} (27. Rxc7 Ne5 $11) 27... Nxd5 28. Qxd5+ Kh8 {[#]} 29. Re6 $1 Ne7 {[#]} 30. Rxe7 $1 {[%mdl 512]} Bxf2+ (30... Qxe7 31. Qxd4+) 31. Kxf2 Qxe7 32. Re1 Qf7 33. Qd4+ Kh7 34. Bc4 d5 35. Bb4 Qf6 36. Qxf6 Rxf6 37. Bxd5 Rb8 38. Bc3 Rxb5 39. Bxf6 Rxd5 {[%mdl 4096] Endgame KRB-KR} 40. Bc3 f4 41. Re7+ Kg6 42. Rxc7 a3 $2 (42... Rd3 43. Rc6+ Kf5) 43. b4 Rd1 44. Ra7 h5 45. Rxa3 g4 46. Ra6+ Kf5 47. Ra5+ Kg6 48. h4 Rc1 49. Rg5+ Kf7 50. Be5 Rc2+ 51. Ke1 f3 52. b5 Rc1+ 53. Kd2 Ke6 54. Bd4 ({Weaker is} 54. Kxc1 f2 $17) 54... Rc4 55. Be3 $2 (55. Bf2 $18 {and the rest is easy.} Kd7 56. b6) 55... Ra4 $16 56. b6 (56. Rg6+ $16 Kf7 57. Rg5 (57. Ra6 Rb4 $16) 57... Rxa2+ 58. Kd3) 56... Rxa2+ $14 57. Kc3 {White threatens b7 and mate.} f2 {The position is equal.} 58. Bxf2 Rxf2 $11 {KR-KR} 59. Rg8 {Threatens to win with b7.} ({Don't take} 59. Rxh5 $6 g3 $16) 59... Rf7 $1 60. Kc4 {aiming for Kc5.} Ke5 61. Rg5+ Kf4 $1 62. Rxh5 {Black must now prevent Rb5.} g3 63. Rb5 {Hoping for b7.} g2 64. Rg5 Rf6 65. Rxg2 {White wants to mate with Rf2+.} Rxb6 {Accuracy: White = 60%, Black = 57%.} 1/2-1/2

[Event "Summer Chess Classic-C 2019"]
[Site "Saint Louis"]
[Date "2019.06.28"]
[Round "10.1"]
[White "Chirila, Ioan-Cristian"]
[Black "Neiksans, Arturs"]
[Result "1/2-1/2"]
[WhiteElo "2561"]
[BlackElo "2566"]
[Annotator "ChessBase"]
[PlyCount "60"]
[EventDate "2019.06.18"]
[EventType "tourn"]
[EventCountry "USA"]
[SourceTitle "playchess.com"]
[Source "ChessBase"]
[SourceQuality "1"]
[TimeControl "40/5400+30:1800+30"]

1. Nf3 {[%emt 0:13:54]} Nf6 {[%emt 0:00:00]} 2. c4 {[%emt 0:00:03]} b6 {[%emt 0:03:21]} 3. g3 {[%emt 0:00:23]} Bb7 {[%emt 0:00:04]} 4. Bg2 {[%emt 0:00:18]} e6 {[%emt 0:00:26]} 5. O-O {[%emt 0:00:49]} Be7 {[%emt 0:00:05]} 6. Nc3 {[%emt 0:03:42]} O-O {[%emt 0:00:40]} 7. d4 {[%emt 0:00:36]} Ne4 {[%emt 0:00:36]} 8. Bd2 {[%emt 0:00:06]} Bf6 {[%emt 0:03:37]} 9. Ne5 {[%emt 0:05:21]} Nxc3 {[%emt 0:00:46]} 10. Bxc3 {[%emt 0:00:04]} Bxg2 {[%emt 0:00:07]} 11. Kxg2 {[%emt 0:00:04]} d5 {[%emt 0:05:10]} 12. Ng4 {[%emt 0:12:46]} Be7 13. cxd5 Qxd5+ {[%emt 0:15:34]} 14. Kg1 {[%emt 0:14:45]} Nd7 {[%emt 0:01:23]} 15. Qc2 Nf6 {[%emt 0:09:10]} 16. Nxf6+ {[%emt 0:07:38]} Bxf6 17. Rfd1 {[%emt 0:09:47]} Rfd8 {[%emt 0:02:40]} 18. Rd3 {[%emt 0:04:38]} h6 {[%emt 0:09:35]} 19. a4 {[%emt 0:00:34]} c5 {[%emt 0:02:50]} 20. dxc5 {[%emt 0:02:10]} Qxc5 {[%emt 0:00:13]} 21. Rad1 {[%emt 0:00:18]} Qc7 {[%emt 0:05:23]} 22. Rxd8+ {[%emt 0:01:14]} Rxd8 {[%emt 0:00:23]} 23. Rxd8+ {[%emt 0:00:08]} Qxd8 {[%emt 0:00:08]} 24. Bxf6 {[%emt 0:00:11]} Qxf6 {[%emt 0:00:57]} 25. b3 {[%emt 0:00:09]} Qd8 {[%emt 0:00:45]} 26. h4 {[%emt 0:00:30]} h5 {[%emt 0:00:23]} 27. e3 {[%emt 0:00:33]} a5 {[%emt 0:00:18]} 28. Qc4 {[%emt 0:00:17]} g6 {[%emt 0:00:12]} 29. Kh2 {[%emt 0:00:22]} Qd6 {[%emt 0:00:19]} 30. Kg1 {[%emt 0:00:12]} Qd1+ {[%emt 0:00:06]} 1/2-1/2

[Event "Summer Chess Classic-C 2019"]
[Site "Saint Louis"]
[Date "2019.06.28"]
[Round "10.2"]
[White "Gordievsky, Dmitry"]
[Black "Moradiabadi, Elshan"]
[Result "1/2-1/2"]
[WhiteElo "2592"]
[BlackElo "2548"]
[Annotator "TA"]
[PlyCount "146"]
[EventDate "2019.06.18"]
[EventType "tourn"]
[EventCountry "USA"]
[SourceTitle "playchess.com"]
[Source "ChessBase"]
[SourceQuality "1"]

{[%evp 21,146,12,18,31,23,0,0,0,39,-11,0,-9,-6,-16,-8,-6,-9,-10,0,0,0,0,5,6,18,18,6,5,34,23,38,0,0,0,43,14,21,18,20,8,8,12,114,130,110,113,139,144,220,208,202,190,213,183,269,267,308,97,308,294,214,119,85,107,100,110,224,195,310,37,260,267,234,218,325,249,314,59,139,8,8,8,8,8,8,8,8,8,8,8,8,8,8,8,8,8,8,8,8,0,8,8,8,8,8,8,8,8,8,8,8,8,8,8,8,8,8,8,8,8,8,8,8,8,8,8,8]} 1. Nf3 d5 2. d4 Nf6 3. c4 e6 4. Nc3 c5 5. cxd5 Nxd5 6. e4 Nxc3 7. bxc3 cxd4 8. cxd4 Bb4+ 9. Bd2 Bxd2+ 10. Qxd2 O-O 11. Bc4 Nd7 {[%cal Bb8d7,Bd7f6,Bf6e4][%mdl 32]} 12. O-O {D41: Queen's Gambit Declined: Semi-Tarrasch with 5 cxd5} b6 13. Rfc1 (13. Rfe1 Bb7 14. Rad1 Rc8 15. Bb3 Re8 16. h3 Nf6 17. Qf4 Qc7 18. Ne5 Re7 19. Qh4 Ree8 20. Re3 Qe7 21. d5 Nxd5 22. Qxe7 Nxe7 {1-0 (31) Andreikin,D (2722)-Dominguez Perez,L (2750) Hengshui 2019}) 13... Bb7 14. Bd3 $146 ({Predecessor:} 14. Qe3 Rc8 15. a4 h6 16. Bd3 Rxc1+ 17. Rxc1 Qb8 18. Qe1 Rc8 19. h3 Nf6 {½-½ (41) Shapiro,D (2326)-Sorokin,A (2519) Ekaterinburg 2018}) 14... Nf6 15. Qf4 e5 16. Qxe5 Re8 17. Qc7 Bxe4 18. Bxe4 (18. Qxd8 {seems wilder.} Raxd8 19. Bxe4 Nxe4 20. Rc7 a5 21. Re1) 18... Nxe4 19. Qxd8 Rexd8 20. Rc7 Nd6 21. Re1 Rdc8 22. Rd7 Rd8 23. Ree7 a5 24. Ne5 h6 25. g4 b5 26. Nc6 Rxd7 27. Rxd7 $11 {[%mdl 4096] Endgame KRN-KRN} Nc4 28. Rb7 b4 29. Rb5 Kf8 30. Kg2 Ke8 31. Rc5 Nd6 (31... Nb2 $11 {keeps the balance.}) 32. Rxa5 $16 Rxa5 33. Nxa5 {KN-KN} Kd7 34. d5 $1 Ne4 (34... Nb5 $16) 35. Nc6 $1 $18 b3 36. axb3 Kd6 37. Nd8 $1 f6 (37... f5 $142) 38. Ne6 g5 39. f3 $2 (39. Nd8 $18 {has better winning chances.}) 39... Nc3 $2 (39... Nd2 $16 {is a better defense.}) 40. Nd4 Nxd5 41. Kf2 ({Better is} 41. Nf5+ $18 Kc5 42. Nxh6) 41... Ke5 $16 42. Nc2 Nf4 43. b4 Kd5 (43... f5 $16 {was worth a try.}) 44. Ke3 $18 h5 (44... Ng6 $142 45. Nd4 Ne5) 45. b5 $2 ({White has to play} 45. gxh5 $18 {h6 is the strong threat.} Nxh5 46. b5) 45... Ng2+ $2 (45... hxg4 $14 46. fxg4 Ng2+ 47. Kf2 Nh4) 46. Kf2 Nf4 47. gxh5 Nxh5 48. Nd4 Nf4 {[#]} 49. b6 $2 (49. Kg3 $1 $18) 49... Kd6 $14 {[#]} 50. Kg3 ({Only move:} 50. Nb3 $1 $16) 50... Nd5 $11 {The position is equal.} 51. b7 Kc7 52. Kg4 Ne3+ 53. Kh5 Kxb7 54. Kg6 g4 55. fxg4 Nxg4 56. h4 Kc7 57. h5 {Threatens to win with Nf3.} Kd7 58. Kf7 Nh6+ 59. Kg7 ({Weaker is} 59. Kxf6 Ke8 $18) 59... Ng4 60. Kf7 Nh6+ 61. Kxf6 Ke8 62. Kg6 Nf7 63. Kg7 {aiming for Nf5.} Ke7 64. Nf5+ Ke6 $1 65. Ng3 Ke7 66. Ne4 Ke6 67. Kg8 {Hoping for Kg7.} Ke7 68. Kh7 Kf8 69. Nf6 {Black must now prevent Nd7+.} Ng5+ 70. Kg6 Nf7 71. Nd5 Kg8 72. Ne7+ Kf8 73. Kf6 Nh6 {Accuracy: White = 52%, Black = 56%.} 1/2-1/2

[Event "Summer Chess Classic-C 2019"]
[Site "Saint Louis"]
[Date "2019.06.28"]
[Round "10.3"]
[White "Jacobson, Brandon"]
[Black "Hakobyan, Aram"]
[Result "0-1"]
[WhiteElo "2486"]
[BlackElo "2559"]
[Annotator "ChessBase"]
[PlyCount "72"]
[EventDate "2019.06.18"]
[EventType "tourn"]
[EventCountry "USA"]
[SourceTitle "playchess.com"]
[Source "ChessBase"]
[SourceQuality "1"]
[TimeControl "40/5400+30:1800+30"]

1. e4 {[%emt 0:02:15]} e5 {[%emt 0:00:32]} 2. Nf3 {[%emt 0:00:07]} Nc6 {[%emt 0:00:08]} 3. Bc4 {[%emt 0:01:18]} Bc5 {[%emt 0:00:14]} 4. c3 {[%emt 0:00:04]} Nf6 {[%emt 0:00:10]} 5. d3 {[%emt 0:00:03]} d6 {[%emt 0:00:39]} 6. O-O {[%emt 0:00:35]} a6 {[%emt 0:00:16]} 7. a4 {[%emt 0:00:05]} Ba7 {[%emt 0:00:27]} 8. Nbd2 {[%emt 0:00:03]} O-O {[%emt 0:02:14]} 9. h3 {[%emt 0:01:09]} Kh8 {[%emt 0:00:02]} 10. b4 {[%emt 0:06:45]} Ng8 {[%emt 0:00:21]} 11. Qb3 {[%emt 0:09:32]} f5 {[%emt 0:02:13]} 12. a5 {[%emt 0:23:26]} fxe4 {[%emt 0:09:47]} 13. Nxe4 {[%emt 0:14:01]} Nge7 {[%emt 0:05:07]} 14. Be6 {[%emt 0:12:40]} Rxf3 {[%emt 0:00:57]} 15. gxf3 {[%emt 0:02:59]} d5 {[%emt 0:00:32]} 16. Bxc8 {[%emt 0:04:11]} Qxc8 {[%emt 0:00:09]} 17. Kh2 {[%emt 0:00:59]} dxe4 {[%emt 0:00:19]} 18. fxe4 Qd7 {[%emt 0:04:00]} 19. Qd1 {[%emt 0:02:09]} Ng6 20. Be3 {[%emt 0:07:23]} Rf8 {[%emt 0:01:23]} 21. Rg1 {[%emt 0:00:06]} Nf4 {[%emt 0:02:48]} 22. Rg3 Rf6 {[%emt 0:03:29]} 23. Bxa7 {[%emt 0:07:33]} Nxa7 {[%emt 0:00:48]} 24. Qd2 {[%emt 0:00:02]} Nb5 {[%emt 0:02:04]} 25. Rc1 {[%emt 0:00:36]} Rg6 26. Qe3 {[%emt 0:02:30]} Rxg3 {[%emt 0:07:20]} 27. Qxg3 {[%emt 0:00:02]} Kg8 {[%emt 0:02:30]} 28. Rc2 {[%emt 0:01:26]} Qc6 {[%emt 0:07:44]} 29. Qg4 {[%emt 0:01:47]} g6 {[%emt 0:10:32]} 30. f3 {[%emt 0:00:37]} Nd4 {[%emt 0:00:51]} 31. Rc1 {[%emt 0:00:32]} Nxd3 {[%emt 0:01:29]} 32. Qc8+ {[%emt 0:00:31]} Kg7 {[%emt 0:00:59]} 33. Rf1 {[%emt 0:00:31]} Qxc3 {[%emt 0:02:32]} 34. Qd7+ {[%emt 0:00:27]} Kh6 {[%emt 0:00:03]} 35. Qf7 {[%emt 0:00:17]} Qd2+ {[%emt 0:00:29]} 36. Kg3 {[%emt 0:00:36]} Ne2+ {[%emt 0:00:16]} 0-1